000 00341nam a22001457a 4500
008 221212b ||||| |||| 00| 0 eng d
020 _a978030786150
041 _aeng
080 _a159.9
082 _a159.9MUS
100 _a25
101 _aPSI
245 _aTRENDS AND ISSUES IN DEVELOPMENTAL PSYCHOLOGY
_cMUSSEN.H.P
942 _2udc
_cBK
999 _c59166
_d59166